Differential dynamic programming /

Guardado en:
Autor Principal: Jacobson, David H.
Otros Autores: Mayne, David Q., 1930-
Formato: Libro
Idioma:English
Publicado: New York : American Elsevier, 1970.
Series:Modern analytic and computational methods in science and mathematics ; 24
Materias:
Etiquetas: Agregar Etiqueta
Sin Etiquetas, Sea el primero en etiquetar este registro!
LEADER 00839cam a2200253 a 4500
001 MAT.inmabb004756
008 701002s1970####nyua#####b####001#0#eng##
005 20130314164302.0
245 1 0 |a Differential dynamic programming /  |c David H. Jacobson, David Q. Mayne. 
260 |a New York :  |b American Elsevier,  |c 1970. 
300 |a 208 p. :  |b il. ;  |c 24 cm. 
440 0 |a Modern analytic and computational methods in science and mathematics ;  |v 24 
504 |a Incluye referencias bibliográficas. 
510 4 |a MR,  |c 41 #8023 
020 |a 0444000704 
100 1 |a Jacobson, David H. 
700 1 |a Mayne, David Q.,  |d 1930- 
650 0 |a Control theory. 
650 0 |a Mathematical optimization. 
650 0 |a Dynamic programming. 
084 |a 90.40 (93.00)  |2 MR 
010 |a  72100398  
040 |a DLC  |c DLC  |d DLC 
859 |p A-4157  |b BIB. MATEMATICA